Several letters which passed between Dr. Hickes, and a popish priest : upon occasion of a young gentlewoman's departing from the Church of England to that of Rome. To which are added I. The answer of Dr. Bull, ... to the Bishop of Meaux's queries. II. Mr. Leslie's answer to the same queries. III. A letter written to an English priest at Rome. With an appendix containing several remarkable papers.

Bibliographic Details
Main Author: Hickes, George, 1642-1715
Format: eBook
Language:English
Edition:The second edition.
Series:Eighteenth century collections online.
Online Access:Full text online

MARC

Tag First Indicator Second Indicator Subfields
LEADER 00000cam a2200000 4500
001 in00001908747
006 m | d |
007 cr |n||||||||n
008 860311s1715 enk|||| s 00| ||eng d
005 20260413212943.6
035 |a (CStRLIN)ESTCN22667 
040 |a Cu-RivES  |c Cu-RivES  |d Uk-ES  |d CStRLIN  |d Thomson Gale  |d UtOrBLW 
100 1 |a Hickes, George,  |d 1642-1715. 
240 1 0 |a Several letters which passed between Dr. George Hickes, and a popish priest 
245 1 0 |a Several letters which passed between Dr. Hickes, and a popish priest :  |b upon occasion of a young gentlewoman's departing from the Church of England to that of Rome. To which are added I. The answer of Dr. Bull, ... to the Bishop of Meaux's queries. II. Mr. Leslie's answer to the same queries. III. A letter written to an English priest at Rome. With an appendix containing several remarkable papers. 
250 |a The second edition. 
264 3 |a London :  |b printed for Richard Sare,  |c 1715. 
300 |a 48 unnumbered pages, 333, 85 unnumbered pages ;  |c 8⁰. 
336 |a text  |b txt  |2 rdacontent 
337 |a computer  |b c  |2 rdamedia 
338 |a online resource  |b cr  |2 rdacarrier 
500 |a 'The corruptions of the church of Rome, .. in answer to the Bishop of Meaux's Queries' (pp.[225]-333) contains the tracts of Bull and Leslie and Robert Nelson's 'A letter written to an English priest at Rome'; it has a separate titlepage dated 1714 and bearing the statement "The third edition", but pagination and register are continuous. 
500 |a The appendix (pp.[334-355] contains reprints of several brief tracts. 
500 |a 'A publick office of daily and nightly devotion .. By William Elstob' (pp.[356-418]) has a separate titlepage. 
500 |a Reproduction of original from the Harvard University Houghton Library. 
510 4 |a English Short Title Catalog,  |c ESTCN22667. 
533 |a Electronic reproduction.  |b Farmington Hills, Mich. :  |c Thomson Gale,  |d 2003.  |n Available via the World Wide Web.  |n Access limited by licensing agreements  |7 s2003 miunns 
500 |a Electronic resource. 
830 0 |a Eighteenth century collections online. 
856 4 0 |u http://proxy.library.tamu.edu/login?url=https://galenet.galegroup.com/servlet/ECCO?c=1&stp=Author&ste=11&af=BN&ae=N022667&tiPG=1&dd=0&dc=flc&docNum=CW119073092&vrsn=1.0&srchtp=a&d4=0.33&n=10&SU=0LRF&locID=txshracd2898  |z Full text online  |t 0 
999 |a MARS 
999 f f |s 663c9685-f118-37d7-a921-df6493df8a8a  |i 832917ab-35c1-31d1-8d45-1b150c0ec69b  |t 0 
952 f f |a Texas A&M University  |b College Station  |c Electronic Resources  |s www_evans  |d Available Online  |t 0  |h No information provided 
998 f f |t 0  |l Available Online